00310nam a2200133Ia 4500003000900000008004100009040001300050040001300063245006200076245001100138260001300149300000800162490000600170IT-RoPAU120407s9999 xx 000 0 und d aIT-RoPAU cIT-RoPAU aL'enciclica Aeterni Patris. Suoi riflessi nel tempo (III) cAA.VV. aVaticana c cm v1